000 00712nam a2200253Ia 4500
003 OSt
005 20220928110408.0
006 a|||||r|||| 00| 0
007 ta
008 220927b |||||||| |||| 00| 0 eng d
020 _cINR 399.00
024 _a140637
037 _b184, 25/02/2019, Classic Book Service
_cTextual
040 _aSDCL
_cSDCL
_beng
041 _2eng
_aeng
082 _aO-,3MEY, Q7 LR
100 _aMeye Marissa
_9419354
245 0 _aArchenemies
260 _aLondon
_bMacmillan
_c2018
300 _a474p.
_ccm.
650 _aReference
942 _hO-,3MEY, Q7 LR
_cTEXL
_2CC
999 _c735411
_d735411